Jean-Paul célèbres - Statistiques

Statistiques générales
  • Ce quiz a été pris 880 fois
    585 depuis la dernière actualisation
  • Le résultat moyen est 5 sur 10
Statistiques - réponses
Description Réponse % Correct
Grand couturier français créateur éponyme d'une marque de luxe. Gaultier
91%
Membre de la troupe les Robins des bois incarnant Jeff Tuche. Rouve
86%
Acteur dans À bout de souffle, Un singe en hiver, L'homme de Rio ou encore Borsalino. Belmondo
78%
Pape italien dont le pontificat ne dura que 33 jours. Ier
78%
Son assassinat dans une baignoire par Charlotte Corday fut dépeint par Jacques-Louis David. Marat
64%
Décline le prix Nobel de Littérature en 1964. Sartre
60%
Polonais, modèle de la nouvelle évangélisation, créateur des Journées Mondiales de la Jeunesse. II
51%
Réalisateur obtenant le César du meilleur film et du meilleur réalisateur pour Cyrano de Bergerac en 1991. Rappeneau
21%
Nez, dernier dirigeant héritier de sa maison de parfumerie avant de la céder au groupe LVMH en 1994. Guerlain
8%
Etats-unien, homme le plus riche du monde dans les années 50 réputé pour son avarice et pour avoir créé une compagnie spécialisée dans le pétrole et les stations service. Getty
2%
Aucun quiz correspondant
Distribution des résultats
% des personnes avec chaque résultat
Percentile par nombre de réponses
Votre historique - résultats
Vous n’avez pas pris ce quiz depuis la dernière actualisation